000 01038cam a22001814a 4500
005 20250605163323.0
008 250528s ||||||||||||||||||||||||d
035 _a16829
020 _a87187167
040 _aGR-AtMCL
_bgre
_dGR-AtMCL
_eAACR2
245 1 _aEnergy Policy / Second Edition
260 _bCongressional Quarterly Inc,
_c1981
300 _a274
520 _aSearch for Consensus: 1973-80, America Becomes Vulnerable, Effects of Cheap and Abundant Energy, Embargo and Revolution: Two Shocks to the World, Pricing: Key Question for Congress, Oil Pricing: Controls Eased, Natural Gas: The Fight for Decontrol, Beyond Price: Carrots and Sticks, Conversation: Painful but Possible, Conversation to Coal: A Return to Yesteryear, Subsidizing Alternative Fuels, Nuclear Power: Major Questions Remain, Emergency Preparedness, The Environment Conflict, Energy Policymakers, Energy Legislation 1973-80, The Presidents on Energy, Glossary of Terms, Bibliography, Index.
942 _cBK
999 _c2283
_d2283